000 00566nam a22001817a 4500
003 UA-OsUOA
001 15068
007 ta
008 20031029b un ||||| |||| 00| 0 ukr d
100 _aБереза Ю.
942 _cSA
040 _aUA-OsUOA
_cUA-OsUOA
_dUA-OsUOA
245 _aВід нас пішов Учитель
_b[Пам'яті викл. Рівнен. музучилища, кобзаря А.Грицая]
300 _aС.14
955 _a0
773 0 _w0
_tСім днів
_dРівне
_d2003
_g№39/26 верес./
650 7 _aГрицай А.
_2UDC
999 _c301233
_d301233